Entrepreneurship and Small Firms. (Record no. 16623)
[ view plain ]
| 000 -LEADER | |
|---|---|
| fixed length control field | 01248cam a2200325 a 4500 |
| 001 - CONTROL NUMBER | |
| control field | 13653553 |
| 005 - DATE AND TIME OF LATEST TRANSACTION | |
| control field | 20041109141148.0 |
| 008 - FIXED-LENGTH DATA ELEMENTS--GENERAL INFORMATION | |
| fixed length control field | 040713s2003 enka b 001 0 eng d |
| 020 ## - INTERNATIONAL STANDARD BOOK NUMBER | |
| International Standard Book Number | 0077099931 |
| 040 ## - CATALOGING SOURCE | |
| Original cataloging agency | UKM |
| Transcribing agency | UKM |
| Modifying agency | DLC |
| 082 04 - DEWEY DECIMAL CLASSIFICATION NUMBER | |
| Classification number | 338.04 |
| Edition number | 22 |
| Item number | DEA |
| 100 1# - MAIN ENTRY--PERSONAL NAME | |
| Personal name | Deakins, David, |
| Dates associated with a name | 1950- |
| 9 (RLIN) | 29543 |
| 245 10 - TITLE STATEMENT | |
| Title | Entrepreneurship and Small Firms. |
| 250 ## - EDITION STATEMENT | |
| Edition statement | 3rd ed. |
| 260 ## - PUBLICATION, DISTRIBUTION, ETC. (IMPRINT) | |
| Place of publication, distribution, etc | London : |
| Name of publisher, distributor, etc | McGraw-Hill Education, |
| Date of publication, distribution, etc | c2003. |
| 300 ## - PHYSICAL DESCRIPTION | |
| Extent | xxi, 362 p. : |
| Other physical details | ill. ; |
| Dimensions | 25 cm. |
| 500 ## - GENERAL NOTE | |
| General note | Donation from : David Kirby |
| 500 ## - GENERAL NOTE | |
| General note | Previous ed.: 1999. |
| 504 ## - BIBLIOGRAPHY, ETC. NOTE | |
| Bibliography, etc | Includes bibliographical references and index. |
| 650 #0 - SUBJECT ADDED ENTRY--TOPICAL TERM | |
| Topical term or geographic name as entry element | Entrepreneurship |
| Geographic subdivision | Great Britain. |
| 9 (RLIN) | 29544 |
| 650 #0 - SUBJECT ADDED ENTRY--TOPICAL TERM | |
| Topical term or geographic name as entry element | Small business |
| Geographic subdivision | Great Britain. |
| 9 (RLIN) | 29545 |
| 650 #0 - SUBJECT ADDED ENTRY--TOPICAL TERM | |
| Topical term or geographic name as entry element | Small business |
| General subdivision | Management. |
| 9 (RLIN) | 29546 |
| 650 #0 - SUBJECT ADDED ENTRY--TOPICAL TERM | |
| Topical term or geographic name as entry element | New business enterprises. |
| 9 (RLIN) | 29547 |
| 650 #0 - SUBJECT ADDED ENTRY--TOPICAL TERM | |
| Topical term or geographic name as entry element | New business enterprises |
| Geographic subdivision | Great Britain. |
| 9 (RLIN) | 29548 |
| 653 ## - INDEX TERM--UNCONTROLLED | |
| Resource For college | |
| Arrived date list | April2012 |
| 700 1# - ADDED ENTRY--PERSONAL NAME | |
| Personal name | Freel, Mark S. |
| 9 (RLIN) | 29549 |
| 942 ## - ADDED ENTRY ELEMENTS (KOHA) | |
| Source of classification or shelving scheme | Dewey Decimal Classification |
| Item type | Book - Borrowing |
| Withdrawn status | Item status | Source of classification or shelving scheme | Damaged status | Not for loan | Vendor | Home library | Current library | Shelving location | Date acquired | Source of acquisition | Total Checkouts | Total Renewals | Full call number | Barcode | Date last seen | Date last borrowed | Koha item type |
|---|---|---|---|---|---|---|---|---|---|---|---|---|---|---|---|---|---|
| Dewey Decimal Classification | Donation-Gift | Central Library | Central Library | First floor | 02/04/2012 | Donation | 10 | 3 | 338.04 DEA | 000026566 | 15/07/2025 | 19/01/2019 | Book - Borrowing |